• 首页
  • 本馆介绍
  • 公告通知
  • 最新文献
  • 馆藏检索
  • 电子资源
  • 读者导购
  • 参考咨询
  • 我的图书馆
  • 登录
  • 详细信息显示
  • 放入我的书架
  • 预约/预借图书
  • 作者相关作品
  • 分类相关作品
  • 丛书相关作品
  • 出版社相关作品

书目信息

  • 表格格式
  • 工作单格式
  • 卡片格式
题名:
数字电子技术基础典型题解析及自测试题
    
 
作者: 王公望 主编 ;王公望 , 谢松云 , 景志宏 编
分册:  
出版信息: 西安   西北工业大学出版社  2002
页数: 384页
开本: 20cm
丛书名: 工科课程提高与应试丛书
单 册:
中图分类: TN79-44
科图分类:
主题词: 数字电路--电子技术--高等学校--解题
电子资源:
ISBN: 7-5612-1446-4
000 00915nam2 2200265 45
001 0303110931
005 20040815095610.7
010    @a7-5612-1446-4@dCNY16.00
100    @a20030311d2002 km y0chiy0120 ea
101 0  @achi
105    @a z 000yy
200 1  @a数字电子技术基础典型题解析及自测试题@AShu Zi Dian Zi Ji Shu Ji Chu Dian Xing Ti Jie Xi Ji Zi Ce Shi Ti@f王公望主编@FWang Gong Wang Zhu Bian@g王公望,谢松云,景志宏编
210    @a西安@c西北工业大学出版社@d2002
215    @a384页@d20cm
225    @a工科课程提高与应试丛书
300    @a附录:习题及自测试题答案
410    @12001 @a工科课程提高与应试丛书
606 0  @a数字电路@x电子技术@x高等学校@x解题
690    @aTN79-44@v4
701  0 @a王公望@4主编
702  0 @a王公望@AWang Gong Wang@4编
702  0 @a谢松云@AXie Song Yun@4编
702  0 @a景志宏@AJing Zhi Hong@4编
801    @aCN@bTSTC@c20030311
905    @b335106-110@dTN79-44@e31@f5
    
    数字电子技术基础典型题解析及自测试题/王公望主编/王公望,谢松云,景志宏编.-西安:西北工业大学出版社,2002
    384页;20cm.-(工科课程提高与应试丛书)
    附录:习题及自测试题答案
    
    ISBN 7-5612-1446-4:CNY16.00
    
●
相关链接 在E读中查询图书 在五车中查询图书 在当当中查询图书 在豆瓣中查询图书


正题名:数字电子技术基础典型题解析及自测试题     索取号:TN79-44/31         预约/预借

序号 登录号 条形码 馆藏地/架位号 状态 备注
1 0335106   203351069   第三借阅区/ [索取号:TN79-44/31] 在馆    
2 0335107   203351078   第三借阅区/ [索取号:TN79-44/31] 在馆    
3 0335108   203351087   第三借阅区/ [索取号:TN79-44/31] 在馆    
4 0335109   203351096   第三借阅区/ [索取号:TN79-44/31] 在馆    
5 0335110   203351103   第二样本阅览室/ [索取号:TN79-44/31] 在馆    
唐山师范学院图书馆 欢迎您!
大连网信软件有限公司© 版权所有